000 00529nam a2200193Ia 4500
003 OSt
005 20240504120517.0
008 210210b1987 xxu||||| |||| 00| 0 eng d
040 _aAL
_c
041 _aKonkani
082 _a891.462 NAYA
100 _aNAYAK (Pundalik Narayan)
_921746
_dपुंडलिक नारायण नायक
245 _aAkashamanch
_bआकाशमंच
260 _aGoa
_bApurbay Prakashan
_c1987
300 _a82
690 _aKonkani Drama
_921747
906 _a050401
942 _2ddc
_cBK
999 _c98779
_d98779